Responses for Show #2412 - Tuesday, February 14, 1995

1995 Teen Tournament semifinal game 2.

Contestants

[<< previous game]

Shannon Shelton, a senior from Detroit, Michigan

Chris Jacobs, a sophomore from Orefield, Pennsylvania

Matt Zielenski, a junior from Broadview Heights, Ohio

[next game >>]

Jeopardy! Round responses

TEENS IN HISTORY
HORROR & SCI-FI TV
MATH
MAKEUP TEST
PAN-AMERICA
4-LETTER WORDS
    $100 1
Joan of Arc

Chris
    $100 26
the Dark

Matt
    $100 7
the denominator

Matt
    $100 14
(Matt: What is eyeliner?)

mascara

MattChris
    $100 2
the Amazon

Matt
    $100 19
late

Chris
    $200 3
Audubon

Matt
    $500 27
(Alex: Handsome devil. Sharply attired.)
[Laughter]

Tales from the Crypt

Matt
    $200 8
isosceles

Chris
    $200 17
lips

Shannon
    $200 9
the Rockies

Chris
    $200 21
(Alex: I hope you've detected some kind of a trend so far in this category.)
[Laughter]

mate

Triple Stumper
    $300 4
Catherine the Great

Matt
    $300 28
The X-Files

Matt
    $300 13
irrational

Shannon
    $300 18
rouge

Matt
    $300 10
the Panama Canal

Chris
    $300 22
fate

Matt
    $400 5
Octavian (Augustus)

Chris
    $400 29
Alien Nation

Shannon
    $400 15
45

Matt
    $400 24
blue

Matt
    $400 11
coffee

Chris
    $400 20
(Matt: What is satiate?)
(Chris: What is jade?)
(Shannon: What is...)

sate

MattChrisShannon
Triple Stumper
    $500 6
Scotland

Matt
    $500 30
Voyager

Shannon
    $500 16
216

Matt
    $500 25
acids

Shannon
    $500 12
the Yucatan Peninsula

Matt
    $500 23
pate

Shannon

Scores at the first commercial break (after clue 15):

Matt Chris Shannon
$2,000 $1,700 $300

Scores at the end of the Jeopardy! Round:

Matt Chris Shannon
$4,000 $1,400 $2,000

Double Jeopardy! Round responses

THE AMERICAN REVOLUTION
PLANTS & TREES
WORLD GEOGRAPHY
BALLET
GOVERNMENT & POLITICS
WOMEN AUTHORS
    $200 1
(Chris: What is Father of the Country?)
(Alex: No.)
(Chris: [*]?)
(Matt: Father of Our Country?)

the Father of His Country

MattChris
Triple Stumper
    $200 6
bamboo

Matt
    $200 8
Cuba

Matt
    $200 16
Francis

Shannon
    $200 18
the national debt

Chris
    $200 21
(Mary) Shelley

Matt
    $400 2
(John) Alden

Matt
    $400 7
the Judas (tree)

Chris
    $400 12
Tibet

Matt
    $400 17
Swan Lake

Chris
    $400 19
Attorney General

Chris
    $400 22
Agatha Christie

Chris
    $600 3
the Delaware

Chris
    $600 9
(Chris: What are, uh, horse trees?)
(Alex: Be more specific on that one.)
(Chris: Horseshoe?

horse-chestnuts

Chris
Triple Stumper
    $600 13
the English Channel

Triple Stumper
    $600 28
The Rite of Spring

Triple Stumper
    $600 20
Secretary of State

Matt
    $600 25
(Jane) Austen

Shannon
    $800 4
Sumter

Shannon
    $800 10
a gourd

Triple Stumper
    $800 14
the Po

Chris
    $800 29
(Chris: Who is Nureyev?)

Baryshnikov

ChrisShannon
    $2,500 23
the Whigs

Chris
    $800 26
(Edith) Wharton

Matt
    $1000 5
Kosciuszko

Matt
    $1,400 11
a lichen

Matt
    $1000 15
the Caucasus

Matt
    $1000 30
George Balanchine

Triple Stumper
    $1000 24
the Treaty of Versailles

Matt
    $1000 27
Willa Cather

Matt

Scores at the end of the Double Jeopardy! Round:

Matt Chris Shannon
$12,000 $5,500 $4,400
(lock game)

[wagering suggestions for these scores]

Final Jeopardy! Round responses

NATIONAL MONUMENTS
(Alex: Now under the jurisdiction of the Secretary of the Interior, I believe.)
ShannonWhat is Lookout Point?
$4,400
ChrisWhat is the Statue of Liberty?
$5,000
MattWhat is the Washington Monument
$100
the Statue of Liberty

Final scores:

Matt Chris Shannon
$11,900 $10,500 $0
Finalist 2nd place: $5,000 3rd place: $5,000

Game dynamics:

Coryat scores:

Matt Chris Shannon
$11,300 $3,800 $4,400
26 R
(including 2 DDs),
3 W
16 R
(including 1 DD),
4 W
10 R,
1 W

Combined Coryat: $19,500

[game clues] [game scores] [suggest correction]

Game tape date: 1995-01-04
The J! Archive is created by fans, for fans. Scraping, republication, monetization, and malicious use prohibited; this site may use cookies and collect identifying information. See terms. The Jeopardy! game show and all elements thereof, including but not limited to copyright and trademark thereto, are the property of Jeopardy Productions, Inc. and are protected under law. This website is not affiliated with, sponsored by, or operated by Jeopardy Productions, Inc. Join the discussion at JBoard.tv.